000 00423nam a22001697a 4500
003 MPLRDC
005 20220104123957.0
008 210129b ||||| |||| 00| 0 eng d
082 _a627.6 JZZ
100 _a金兆梓编
245 _a近世中国史
_c
250 _a初版
260 _a
_b中华书局
_c1947
300 _b
650 _a中国断代史--清朝近代: 鸦片战争以后
942 _cBK
_o627.6 JZZ
999 _c15674
_d15664